Quasars (Record no. 9005)

MARC details
000 -LEADER
fixed length control field 00872nam a2200229Ia 4500
003 - CONTROL NUMBER IDENTIFIER
control field IN-BaIIA
008 - FIXED-LENGTH DATA ELEMENTS--GENERAL INFORMATION
fixed length control field 211028s9999 xx 000 0 eng d
020 ## - INTERNATIONAL STANDARD BOOK NUMBER
International Standard Book Number 90-277-2298-6
040 ## - CATALOGING SOURCE
Transcribing agency IIA Library
080 ## - UNIVERSAL DECIMAL CLASSIFICATION NUMBER
Universal Decimal Classification number 082.2:52
Item number IAU-S119
111 ## - MAIN ENTRY--MEETING NAME
Meeting name or jurisdiction name as entry element International Astronomical Union Symposium on Quasarsm
Number of part/section/meeting 119th
Location of meeting Bangalore
Date of meeting or treaty signing 1985 Dec. 2-6
9 (RLIN) 15139
245 #0 - TITLE STATEMENT
Title Quasars
Remainder of title proceedings of the International Astronomical Union Symposium no.119 on Quasarsm, held in Bangalore, India December 2-6, 1985
Statement of responsibility, etc. edited by Govind Swarup and V. K. Kapahi 
260 ## - PUBLICATION, DISTRIBUTION, ETC.
Place of publication, distribution, etc. Dordrecht
Name of publisher, distributor, etc. D. Reidel Publishing
Date of publication, distribution, etc. 1986
300 ## - PHYSICAL DESCRIPTION
Extent xx, 605p.
650 ## - SUBJECT ADDED ENTRY--TOPICAL TERM
Topical term or geographic name entry element Active galactic nuclei
9 (RLIN) 6209
650 ## - SUBJECT ADDED ENTRY--TOPICAL TERM
Topical term or geographic name entry element Astronomy and Astrophysics thesaurus
650 ## - SUBJECT ADDED ENTRY--TOPICAL TERM
Topical term or geographic name entry element Quasars
9 (RLIN) 1096
650 ## - SUBJECT ADDED ENTRY--TOPICAL TERM
Topical term or geographic name entry element X-ray sources
9 (RLIN) 12440
700 ## - ADDED ENTRY--PERSONAL NAME
Personal name Kapahi, V. K. 
9 (RLIN) 15140
700 ## - ADDED ENTRY--PERSONAL NAME
Personal name Swarup, Govind, ed.
9 (RLIN) 15141
942 ## - ADDED ENTRY ELEMENTS (KOHA)
Koha item type Books
Holdings
Withdrawn status Lost status Damaged status Not for loan Home library Current library Shelving location Date acquired Total Checkouts Full call number Barcode Date last seen Price effective from Koha item type
        IIA Library-Bangalore IIA Library-Bangalore General Stacks 30/04/1987   082.2:52/ IAU-S119 9896 05/11/2021 30/04/1987 Books

Powered by Koha